Korea, 1945-1975

Sparad:
Bibliografiska uppgifter
Huvudupphovsman: Mah, Hack-cho
Materialtyp: Bok
Språk:Undetermined
Publicerad: Seoul Asia PR Center 1975
Ämnen:
Taggar: Lägg till en tagg
Inga taggar, Lägg till första taggen!
Thư viện lưu trữ: Trung tâm Học liệu Trường Đại học Cần Thơ
LEADER 00576nam a2200193Ia 4500
001 CTU_104703
008 210402s9999 xx 000 0 und d
082 |a 951.9 
082 |b M214 
100 |a Mah, Hack-cho 
245 0 |a Korea, 1945-1975 
245 0 |c Hack-cho Mah 
260 |a Seoul 
260 |b Asia PR Center 
260 |c 1975 
650 |a Art, Korea,Nghệ thuật, Hàn Quốc,Hàn Quốc,Hàn Quốc 
650 |x Công trình báo ảnh,Mô tả và du lịch 
904 |i Năm 
980 |a Trung tâm Học liệu Trường Đại học Cần Thơ